[Event "Niedersachsen-ch U18 Girls"]
[Site "Rotenburg"]
[Date "2012.04.04"]
[Round "6"]
[White "Diederichs, Hannah"]
[Black "Groene, Maren"]
[Result "1-0"]
[WhiteElo "1013"]
[BlackElo "798"]
[PlyCount "93"]
[EventDate "2012.03.31"]
[EventType "swiss"]
[EventRounds "9"]
[EventCountry "GER"]
[SourceTitle "EXT 2015"]
[Source "ChessBase"]
[SourceDate "2014.11.20"]
[SourceVersion "1"]
[SourceVersionDate "2014.11.20"]
[SourceQuality "1"]

1. c4 e5 2. Nc3 Nf6 3. e4 Nc6 4. g3 Bc5 5. Bg2 d6 6. h3 Nb4 7. d3 c6 8. a3 Na6 9. Nge2 Nc7 10. b4 Bd4 11. Nxd4 exd4 12. Ne2 c5 13. 0-0 0-0 14. f4 Re8 15. f5 b5 16. e5 Rxe5 17. Bxa8 Bxf5 18. Bf4 Re8 19. cxb5 Nxa8 20. Bg5 Re5 21. g4 Bc8 22. Bxf6 gxf6 23. Ng3 Nc7 24. Ne4 Ne8 25. Qd2 Kg7 26. Rac1 Qe7 27. Qf4 h6 28. h4 Bd7 29. Qg3 cxb4 30. axb4 Bxb5 31. Rf5 Kg6 32. Rcf1 Bxd3 33. Qxd3 d5 34. Rxe5 Qxe5 35. Nxf6+ Kg7 36. Nh5+ Kf8 37. Qf3 Nd6 38. Nf4 f6 39. Ng6+ Ke8 40. Nxe5 fxe5 41. Qxd5 Kd7 42. Qxe5 Kc7 43. Rf7+ Kc6 44. Rf6 Kc7 45. Qxd6+ Kc8 46. Rf7 a5 47. Qc7# 1-0